[Event "Fredericia Kandidats"]
[Site "Fredericia"]
[Date "2023.05.20"]
[Round "2"]
[White "Zander, Emil"]
[Black "Hansen, Lars"]
[Result "0-1"]
[WhiteElo "2165"]
[BlackElo "2181"]
[PlyCount "50"]
[EventDate "2023.05.19"]
[EventType "swiss"]
[EventRounds "5"]
[EventCountry "DEN"]
[SourceTitle "EXT 2024"]
[Source "ChessBase"]
[SourceDate "2023.10.10"]
[SourceVersion "1"]
[SourceVersionDate "2023.10.10"]
[SourceQuality "1"]

1. e4 e6 2. d4 d5 3. Nc3 Nf6 4. e5 Nfd7 5. f4 c5 6. Nf3 Nc6 7. Be3 Qb6 8. Na4 Qa5+ 9. c3 b6 10. Bd2 c4 11. b3 b5 12. Nb2 Rb8 13. b4 Nxb4 14. cxb4 Bxb4 15. a3 Bxd2+ 16. Nxd2 Qc3 17. Qc1 Qxd4 18. Nf3 Qb6 19. Be2 0-0 20. Qc3 Nc5 21. Nd4 Ne4 22. Qe3 Qa5+ 23. Kf1 Bd7 24. g3 c3 25. Nb3 cxb2 0-1

[Event "Fredericia Kandidats"]
[Site "Fredericia"]
[Date "2023.05.19"]
[Round "1"]
[White "Hansen, Lars"]
[Black "Guindy, Esmat Susanne"]
[Result "1-0"]
[WhiteElo "2181"]
[BlackElo "2053"]
[PlyCount "103"]
[EventDate "2023.05.19"]
[EventType "swiss"]
[EventRounds "5"]
[EventCountry "DEN"]
[SourceTitle "EXT 2024"]
[Source "ChessBase"]
[SourceDate "2023.10.10"]
[SourceVersion "1"]
[SourceVersionDate "2023.10.10"]
[SourceQuality "1"]

1. e4 e6 2. d4 d5 3. exd5 exd5 4. Nf3 Nf6 5. Bd3 Bd6 6. 0-0 0-0 7. Bg5 Nbd7 8. Nc3 c6 9. Re1 Qc7 10. Qd2 Nh5 11. Be7 Bxe7 12. Rxe7 Qd6 13. Rae1 Ndf6 14. Qg5 Nf4 15. Qe5 Qxe5 16. dxe5 N6h5 17. g3 Nxd3 18. cxd3 g6 19. Nd4 Ng7 20. Na4 Rd8 21. Nc5 Kf8 22. Rc7 Ne8 23. Nxb7 Nxc7 24. Nxd8 c5 25. Nb3 Ba6 26. e6 Nxe6 27. Nxe6+ fxe6 28. Nxc5 Bc8 29. Nxe6+ Bxe6 30. Rxe6 Rb8 31. b3 a5 32. Ra6 Rb5 33. d4 Rb4 34. Rxa5 Rxd4 35. Kg2 g5 36. Kf3 h5 37. Ke3 Rd1 38. b4 Ke7 39. Ke2 Rd4 40. a3 Ke6 41. Ra6+ Ke5 42. b5 Rc4 43. Rc6 Ra4 44. Rc3 Kd4 45. Kd2 Ra5 46. Rb3 Kc4 47. Kc2 d4 48. b6 Ra8 49. b7 Rb8 50. Rb4+ Kc5 51. Kd3 g4 52. Rb2 1-0

[Event "DEN-chT 2223 60th"]
[Site "Denmark"]
[Date "2023.01.14"]
[Round "5.5"]
[White "Smith, Axel"]
[Black "Hansen, Lars"]
[Result "1-0"]
[WhiteElo "2402"]
[BlackElo "2259"]
[PlyCount "61"]
[EventDate "2022.10.29"]
[EventType "team-tourn"]
[EventRounds "9"]
[EventCountry "DEN"]
[SourceTitle "CBM 213 Extra"]
[Source "ChessBase"]
[SourceDate "2023.05.31"]
[SourceVersion "1"]
[SourceVersionDate "2023.05.31"]
[SourceQuality "1"]
[WhiteTeam "Koge Xtracon"]
[BlackTeam "Copenhagen 68"]
[WhiteTeamCountry "DEN"]
[BlackTeamCountry "DEN"]

1. c4 b6 2. Nc3 Bb7 3. d4 e6 4. e4 Bb4 5. f3 f5 6. exf5 Nh6 7. fxe6 Nf5 8. Bf4 dxe6 9. Qa4+ Nc6 10. d5 exd5 11. 0-0-0 d4 12. Nd5 Bd6 13. Re1+ Kd7 14. Nh3 Kc8 15. Bd3 Rf8 16. Kb1 Qd7 17. Re2 Nce7 18. Qxd7+ Kxd7 19. Bxd6 cxd6 20. Nxe7 Nxe7 21. Rhe1 Nc6 22. Bxh7 Ne5 23. Be4 Bc6 24. Bxc6+ Kxc6 25. b3 b5 26. cxb5+ Kxb5 27. Ng5 Rf6 28. Ne4 Rh6 29. Nxd6+ Rxd6 30. Rxe5+ Kb4 31. Kb2 1-0

[Event "Nordsjalland Weekend op-A"]
[Site "Allerod"]
[Date "2023.01.07"]
[Round "3"]
[White "Hansen, Lars"]
[Black "Petersen, Peter Birk"]
[Result "1/2-1/2"]
[WhiteElo "2223"]
[BlackElo "2145"]
[PlyCount "82"]
[EventDate "2023.01.06"]
[EventType "swiss"]
[EventRounds "5"]
[EventCountry "DEN"]
[SourceTitle "EXT 2024"]
[Source "ChessBase"]
[SourceDate "2023.10.10"]
[SourceVersion "1"]
[SourceVersionDate "2023.10.10"]
[SourceQuality "1"]

1. e4 c5 2. Nc3 Nc6 3. f4 e6 4. Nf3 d6 5. Bb5 Bd7 6. 0-0 a6 7. Bxc6 Bxc6 8. d3 Nf6 9. Qe1 Be7 10. e5 Nd5 11. Ne4 0-0 12. Qg3 Nc7 13. Be3 d5 14. Nf6+ Kh8 15. Nh5 g6 16. f5 exf5 17. Nf6 Ne6 18. Bh6 Bxf6 19. Bxf8 Nxf8 20. exf6 Qxf6 21. Rae1 Ne6 22. Ne5 Kg7 23. c3 Rc8 24. Ng4 f4 25. Nxf6 fxg3 26. hxg3 h5 27. g4 hxg4 28. Nxg4 Bb5 29. Ne5 Be8 30. Rf2 b5 31. Ref1 Rc7 32. Rf6 Re7 33. R6f2 a5 34. Re1 b4 35. Nf3 Bb5 36. d4 Rc7 37. dxc5 bxc3 38. bxc3 Nxc5 39. Nd4 Bc4 40. Rd2 Ne4 41. Rc2 Bd3 1/2-1/2

[Event "Nordsjalland Weekend op-A"]
[Site "Allerod"]
[Date "2023.01.07"]
[Round "2"]
[White "Kistrup, Nicolai"]
[Black "Hansen, Lars"]
[Result "1-0"]
[WhiteElo "2285"]
[BlackElo "2223"]
[PlyCount "53"]
[EventDate "2023.01.06"]
[EventType "swiss"]
[EventRounds "5"]
[EventCountry "DEN"]
[SourceTitle "EXT 2024"]
[Source "ChessBase"]
[SourceDate "2023.10.10"]
[SourceVersion "1"]
[SourceVersionDate "2023.10.10"]
[SourceQuality "1"]

1. d4 Nf6 2. c4 e6 3. Nf3 b6 4. g3 Bb7 5. Bg2 Be7 6. 0-0 0-0 7. Re1 Na6 8. h4 h6 9. a3 c5 10. d5 exd5 11. Nh2 d6 12. Nc3 Qd7 13. Nxd5 Nxd5 14. cxd5 c4 15. Nf3 Nc5 16. Nd4 Bf6 17. Nc6 Rfe8 18. Qc2 Nd3 19. Rd1 Nxc1 20. Raxc1 b5 21. Bf3 Qh3 22. b3 cxb3 23. Qxb3 Bc8 24. Qxb5 Bf5 25. Qb4 g5 26. Rc4 Kg7 27. Bg2 1-0

[Event "DEN-chT 2122 59th"]
[Site "Denmark"]
[Date "2022.02.27"]
[Round "7.1"]
[White "Palm, Nikolaj"]
[Black "Hansen, Lars"]
[Result "1-0"]
[WhiteElo "2281"]
[BlackElo "2188"]
[PlyCount "119"]
[EventDate "2021.10.30"]
[EventType "team-tourn"]
[EventRounds "9"]
[EventCountry "DEN"]
[SourceTitle "EXT 2023"]
[Source "ChessBase"]
[SourceDate "2022.10.05"]
[SourceVersion "1"]
[SourceVersionDate "2022.10.05"]
[SourceQuality "1"]
[WhiteTeam "Bronshoj"]
[BlackTeam "Copenhagen 68"]
[WhiteTeamCountry "DEN"]
[BlackTeamCountry "DEN"]

1. d4 e6 2. Nf3 Nf6 3. e3 b6 4. Bd3 Bb7 5. Nbd2 c5 6. 0-0 Nc6 7. Re1 d5 8. b3 cxd4 9. exd4 Rc8 10. a3 g6 11. Bb2 Bg7 12. Ne5 0-0 13. Qf3 Nxe5 14. dxe5 Nd7 15. b4 Qg5 16. Qe3 Qxe3 17. Rxe3 Nb8 18. Nb3 Nc6 19. f4 Rfd8 20. Nd4 Bh6 21. Rf1 Bf8 22. Nxc6 Bxc6 23. Bd4 Ba4 24. c3 Bb3 25. Rf2 Rd7 26. g4 Rdc7 27. Bb1 Be7 28. Kg2 b5 29. Kg3 a6 30. h4 Kh8 31. Rh2 h5 32. Rh1 Ra8 33. Bd3 Bc4 34. Bc2 Rg8 35. Bd1 Rg7 36. Kf2 Rc8 37. Rg3 Rcg8 38. Ke3 hxg4 39. Bxg4 Rh7 40. Rgh3 Kg7 41. h5 gxh5 42. Rxh5 Rxh5 43. Bxh5 Rh8 44. f5 Bg5+ 45. Kf2 Rh6 46. f6+ Kf8 47. Be3 Bxe3+ 48. Kxe3 Bb3 49. Bf3 Rxh1 50. Bxh1 Bc2 51. Bf3 Ke8 52. Kd4 Bh7 53. Kc5 Kd7 54. Kb6 Bg6 55. Kxa6 Bd3 56. Kb6 Bc4 57. Bd1 Ke8 58. a4 bxa4 59. Bxa4+ Kd8 60. Ka7 1-0

[Event "Helsingor Hojstrupgaard op"]
[Site "Helsingor"]
[Date "2021.07.23"]
[Round "1"]
[White "Hansen, Lars"]
[Black "Haubro, Martin"]
[Result "0-1"]
[WhiteElo "2159"]
[BlackElo "2407"]
[PlyCount "100"]
[EventDate "2021.07.23"]
[EventType "swiss"]
[EventRounds "5"]
[EventCountry "DEN"]
[SourceTitle "CBM 203 Extra"]
[Source "ChessBase"]
[SourceDate "2021.09.30"]
[SourceVersion "1"]
[SourceVersionDate "2021.09.30"]
[SourceQuality "1"]

1. e4 c5 2. Nc3 Nc6 3. f4 g6 4. Nf3 Bg7 5. Bb5 Nd4 6. 0-0 e6 7. e5 a6 8. Bd3 f5 9. Nxd4 cxd4 10. Ne2 d6 11. exd6 Qxd6 12. b3 b6 13. Qe1 Bb7 14. Bb2 0-0-0 15. Qf2 e5 16. fxe5 Bxe5 17. h3 Nf6 18. Rae1 Kb8 19. Qh4 g5 20. Qh6 f4 21. Nc1 Rhg8 22. Bf5 f3 23. gxf3 Bc8 24. Be4 Bg3 25. Ba3 Qe6 26. Re2 Nxe4 27. Qxe6 Bxe6 28. Rxe4 Bxh3 29. Rd1 g4 30. Ne2 Bc7 31. f4 d3 32. cxd3 Rxd3 33. Re3 Rgd8 34. Rxd3 Rxd3 35. Be7 g3 36. Bh4 Bg4 37. Nc1 Rd4 38. Rf1 Rxf4 39. Rxf4 Bxf4 40. Nd3 Bxd2 41. Bxg3+ Kb7 42. Kg2 Bf5 43. Ne5 Bb1 44. Nc4 Bc1 45. a4 Ba2 46. Nd6+ Kc6 47. b4 b5 48. axb5+ axb5 49. Ne4 Bd5 50. Kf3 Bd2 0-1

[Event "DEN Club Cup"]
[Site "Koge"]
[Date "2021.06.26"]
[Round "3.6"]
[White "Skou, Niels"]
[Black "Hansen, Lars"]
[Result "1/2-1/2"]
[WhiteElo "2039"]
[BlackElo "2191"]
[PlyCount "39"]
[EventDate "2021.06.25"]
[EventType "team-tourn"]
[EventRounds "5"]
[EventCountry "DEN"]
[SourceTitle "EXT 2023"]
[Source "ChessBase"]
[SourceDate "2022.10.05"]
[SourceVersion "1"]
[SourceVersionDate "2022.10.05"]
[SourceQuality "1"]
[WhiteTeam "Obro"]
[BlackTeam "Copenhagen 68"]
[WhiteTeamCountry "DEN"]
[BlackTeamCountry "DEN"]

1. d4 e6 2. c4 b6 3. Nf3 Bb7 4. g3 Bb4+ 5. Bd2 Bxf3 6. exf3 Bxd2+ 7. Nxd2 Ne7 8. Bg2 Nbc6 9. f4 Nxd4 10. Bxa8 Qxa8 11. 0-0 c5 12. a4 a5 13. Ra3 0-0 14. Nf3 Nxf3+ 15. Rxf3 d5 16. Rb3 Qc6 17. Rc3 Nf5 18. cxd5 exd5 19. b3 Re8 20. Rc1 1/2-1/2

[Event "DEN-ch Seniors 50+"]
[Site "Logumkloster"]
[Date "2021.05.30"]
[Round "1"]
[White "Hansen, Lars"]
[Black "Radoor, Bent Romer"]
[Result "1-0"]
[WhiteElo "2191"]
[BlackElo "1823"]
[PlyCount "81"]
[EventDate "2021.05.30"]
[EventType "swiss"]
[EventRounds "7"]
[EventCountry "DEN"]
[SourceTitle "CBM 203 Extra"]
[Source "ChessBase"]
[SourceDate "2021.09.30"]
[SourceVersion "1"]
[SourceVersionDate "2021.09.30"]
[SourceQuality "1"]

1. g3 Nf6 2. Bg2 d5 3. d3 c6 4. Nd2 e5 5. Ngf3 Bd6 6. 0-0 0-0 7. e4 Bg4 8. h3 Bxf3 9. Qxf3 Nbd7 10. exd5 Nxd5 11. Nc4 Bc7 12. Re1 Re8 13. Bd2 N7b6 14. Na5 Rb8 15. c4 Ne7 16. b4 Nd7 17. Nb3 Ng6 18. Re2 Qf6 19. Qh5 Qd6 20. Qf3 Qf6 21. Qe4 Re7 22. Rae1 Rbe8 23. h4 h6 24. Bc3 Qd6 25. Bh3 Nf6 26. Qf5 Rd8 27. Nc5 Bb6 28. h5 Bxc5 29. bxc5 Qxd3 30. Rd2 Qxc3 31. Rxd8+ Nf8 32. Red1 Qxc4 33. Qc8 N6h7 34. Bf5 Qe2 35. R8d2 Qxh5 36. Bxh7+ Kxh7 37. Qxf8 Re6 38. Re1 Rg6 39. Kg2 Rf6 40. Re3 e4 41. Qe7 1-0

[Event "Aarhus Festuge-A"]
[Site "Aarhus"]
[Date "2020.09.13"]
[Round "4"]
[White "Madsen, Michael Bohring"]
[Black "Hansen, Lars"]
[Result "0-1"]
[WhiteElo "2064"]
[BlackElo "2234"]
[PlyCount "44"]
[EventDate "2020.09.11"]
[EventType "swiss"]
[EventRounds "5"]
[EventCountry "DEN"]
[SourceTitle "EXT 2022"]
[Source "ChessBase"]
[SourceDate "2021.10.06"]
[SourceVersion "1"]
[SourceVersionDate "2021.10.06"]
[SourceQuality "1"]

1. d4 e6 2. c4 b6 3. e4 Bb4+ 4. Bd2 Bxd2+ 5. Nxd2 Ne7 6. Bd3 d6 7. Ne2 Nd7 8. b4 0-0 9. a3 c5 10. d5 Ne5 11. Qc2 N7g6 12. h3 Nh4 13. Rh2 Qg5 14. 0-0-0 exd5 15. f4 Nxd3+ 16. Qxd3 Qf6 17. e5 dxe5 18. Qxd5 exf4 19. g4 Be6 20. Qh5 Rfd8 21. Rhh1 Ng2 22. Kb1 Rd3 0-1

[Event "Aarhus Festuge-A"]
[Site "Aarhus"]
[Date "2020.09.12"]
[Round "2"]
[White "Hansen, Lars"]
[Black "Thogersen, Rasmus"]
[Result "0-1"]
[WhiteElo "2234"]
[BlackElo "2313"]
[PlyCount "74"]
[EventDate "2020.09.11"]
[EventType "swiss"]
[EventRounds "5"]
[EventCountry "DEN"]
[SourceTitle "EXT 2022"]
[Source "ChessBase"]
[SourceDate "2021.10.06"]
[SourceVersion "1"]
[SourceVersionDate "2021.10.06"]
[SourceQuality "1"]

1. e4 c5 2. Nc3 a6 3. f4 b5 4. g3 Bb7 5. Bg2 e6 6. d3 Nf6 7. Nf3 d5 8. e5 Nfd7 9. 0-0 b4 10. Ne2 Be7 11. d4 Nc6 12. Be3 0-0 13. Kh1 a5 14. Qe1 Qb6 15. Rd1 Ba6 16. Rf2 Bxe2 17. Rxe2 cxd4 18. Nxd4 Nxd4 19. Bxd4 Bc5 20. c3 g6 21. g4 Rfc8 22. f5 bxc3 23. Bxc3 Bb4 24. Rd3 Rc4 25. Qh4 h5 26. fxe6 fxe6 27. Rxd5 Rxg4 28. Qe1 Bxc3 29. bxc3 Rxg2 30. Rxg2 exd5 31. e6 Re8 32. Rxg6+ Kh7 33. Rg5 Rxe6 34. Rxh5+ Kg6 35. Qd1 Nf6 36. Rh3 Qf2 37. Qb1+ Kf7 0-1

[Event "EU-ch Online U2300 Qual"]
[Site "Chess.com INT"]
[Date "2020.05.25"]
[Round "2"]
[White "Hansen, Lars"]
[Black "Golovanj, Yaroslav"]
[Result "1-0"]
[WhiteElo "2223"]
[BlackElo "2013"]
[PlyCount "57"]
[EventDate "2020.05.25"]
[EventType "swiss"]
[EventRounds "8"]
[EventCountry "NET"]
[SourceTitle "EXT 2021"]
[Source "ChessBase"]
[SourceDate "2020.10.23"]
[SourceVersion "1"]
[SourceVersionDate "2020.10.23"]
[SourceQuality "1"]

1. e4 e5 2. Nf3 Nc6 3. Bc4 Be7 4. d4 exd4 5. c3 d6 6. cxd4 Nf6 7. Nc3 0-0 8. 0-0 Bg4 9. Be3 Re8 10. Qb3 Na5 11. Bxf7+ Kf8 12. Qa4 Kxf7 13. Ng5+ Kg8 14. Qxa5 h6 15. Nf3 Bxf3 16. gxf3 Qd7 17. Ne2 Qh3 18. Ng3 c5 19. dxc5 Nd7 20. cxd6 Bxd6 21. Qf5 Qxf5 22. Nxf5 Be5 23. Rad1 Nf6 24. b3 b6 25. f4 Bc7 26. e5 Nh5 27. Rd7 Rac8 28. Rc1 Bb8 29. Rxc8 1-0

[Event "EU-ch Online U2300 Qual"]
[Site "Chess.com INT"]
[Date "2020.05.25"]
[Round "5"]
[White "Schneider, Jana"]
[Black "Hansen, Lars"]
[Result "1/2-1/2"]
[WhiteElo "2270"]
[BlackElo "2223"]
[PlyCount "91"]
[EventDate "2020.05.25"]
[EventType "swiss"]
[EventRounds "8"]
[EventCountry "NET"]
[SourceTitle "EXT 2021"]
[Source "ChessBase"]
[SourceDate "2020.10.23"]
[SourceVersion "1"]
[SourceVersionDate "2020.10.23"]
[SourceQuality "1"]

1. e4 c5 2. Nf3 d6 3. d4 cxd4 4. Nxd4 Nf6 5. Nc3 a6 6. Be3 e5 7. Nf3 Be7 8. Bc4 Qc7 9. Bb3 0-0 10. 0-0 Bg4 11. h3 Bh5 12. Qe2 Nbd7 13. Rad1 b5 14. Bd5 Rac8 15. a3 Nb6 16. Bxb6 Qxb6 17. Qd3 Rc5 18. Rd2 Rfc8 19. Nh4 Nxd5 20. Nf5 Rxc3 21. bxc3 Bf8 22. Qxd5 Rxc3 23. Qa8 Qc7 24. Rxd6 g6 25. Rd8 Qc5 26. Nd6 Kg7 27. Ne8+ Kh6 28. Nf6 Be7 29. Ng8+ Kg7 30. Nxe7 Qxe7 31. Rg8+ Kh6 32. Qxa6 Be2 33. Re1 Rxc2 34. Qb6 Bc4 35. Qe3+ Qg5 36. Qc5 Qf4 37. Rh8 Rc1 38. Qf8+ Kg5 39. h4+ Kg4 40. Qc8+ f5 41. Rxc1 Qxc1+ 42. Kh2 Qf4+ 43. Kh1 Qc1+ 44. Kh2 Qf4+ 45. Kg1 Qc1+ 46. Kh2 1/2-1/2

[Event "Aarhus op"]
[Site "Aarhus"]
[Date "2020.02.16"]
[Round "6"]
[White "Hansen, Lars"]
[Black "Ochsner, Bjorn Moller"]
[Result "0-1"]
[WhiteElo "2237"]
[BlackElo "2472"]
[PlyCount "37"]
[EventDate "2020.02.14"]
[EventType "swiss"]
[EventRounds "7"]
[EventCountry "DEN"]
[SourceTitle "CBM 195 Extra"]
[Source "ChessBase"]
[SourceDate "2020.05.31"]
[SourceVersion "1"]
[SourceVersionDate "2020.05.31"]
[SourceQuality "1"]

1. e4 c5 2. Nc3 d6 3. f4 g6 4. Nf3 Bg7 5. Bb5+ Bd7 6. Bc4 Nc6 7. 0-0 Na5 8. Be2 Nf6 9. Qe1 0-0 10. d3 Nc6 11. Qh4 Nd4 12. Bd1 Bg4 13. Rf2 e6 14. Ng5 Bxd1 15. Nxd1 h6 16. Nh3 Nd7 17. Qg3 Bf6 18. Qe3 Nxc2 19. Rxc2 0-1

[Event "Allerod Nordsjalland op-A"]
[Site "Allerod"]
[Date "2020.01.05"]
[Round "4.4"]
[White "Ramsdal, Jens Albert"]
[Black "Hansen, Lars"]
[Result "1-0"]
[WhiteElo "2299"]
[BlackElo "2230"]
[PlyCount "111"]
[EventDate "2020.01.03"]
[EventType "swiss"]
[EventRounds "5"]
[EventCountry "DEN"]
[SourceTitle "EXT 2023"]
[Source "ChessBase"]
[SourceDate "2022.10.05"]
[SourceVersion "1"]
[SourceVersionDate "2022.10.05"]
[SourceQuality "1"]

1. d4 Nf6 2. Bf4 e6 3. e3 b6 4. Nf3 Bb7 5. Nbd2 d6 6. Bd3 Nbd7 7. 0-0 Qe7 8. Bg3 g6 9. a4 a5 10. c3 Bg7 11. Nc4 0-0 12. Nfd2 Nh5 13. b4 Nxg3 14. hxg3 axb4 15. cxb4 d5 16. Na3 Qxb4 17. Nc2 Qd6 18. Qb1 Rfb8 19. Rc1 e5 20. Ra2 Ra7 21. dxe5 Bxe5 22. Nf3 Rba8 23. Ncd4 c6 24. Bc2 Bf6 25. Bd1 Bd8 26. Ne1 Nc5 27. Qb4 Qf6 28. Rca1 h5 29. Qb1 Bc7 30. Qc2 Ne4 31. Nef3 Ra5 32. Nb3 R5a7 33. Nbd4 Qd6 34. Nh4 Bd8 35. Nhf3 Qc5 36. Ne5 Qxc2 37. Bxc2 Rc8 38. Bxe4 dxe4 39. Rc1 Bf6 40. Nexc6 Kg7 41. Nb5 Raa8 42. Rac2 Bxc6 43. Rxc6 Rxc6 44. Rxc6 Rxa4 45. Nd6 Rb4 46. Ne8+ Kf8 47. Nxf6 Rb1+ 48. Kh2 Rb2 49. Nxe4 f5 50. Ng5 Kg7 51. f3 b5 52. Ne6+ Kf7 53. Nf4 b4 54. Nxg6 b3 55. Ne5+ Ke7 56. Rb6 1-0

[Event "Esbjerg Autumn 2nd"]
[Site "Esbjerg"]
[Date "2019.10.20"]
[Round "6"]
[White "Sorensen, Per Smidt"]
[Black "Hansen, Lars"]
[Result "1-0"]
[WhiteElo "2086"]
[BlackElo "2207"]
[PlyCount "201"]
[EventDate "2019.10.18"]
[EventType "swiss"]
[EventRounds "7"]
[EventCountry "DEN"]
[SourceTitle "CBM 192 Extra"]
[Source "Chessbase"]
[SourceDate "2019.11.06"]
[SourceVersion "1"]
[SourceVersionDate "2019.11.06"]
[SourceQuality "1"]

1. Nf3 Nf6 2. c4 b6 3. Nc3 Bb7 4. d4 e6 5. g3 Bb4 6. Bg2 Bxc3+ 7. bxc3 d6 8. 0-0 0-0 9. Nd2 Bxg2 10. Kxg2 c5 11. e4 Qc8 12. f4 e5 13. fxe5 dxe5 14. Rxf6 gxf6 15. d5 Kh8 16. Qh5 Rg8 17. h3 Nd7 18. Nf1 Qa6 19. Ne3 Rg6 20. Qe2 Qa4 21. Nf5 a6 22. h4 Rag8 23. h5 Rg4 24. Bh6 b5 25. Nd6 Rxg3+ 26. Kh2 Rg2+ 27. Kh1 R8g3 28. Qxg2 Rxg2 29. Kxg2 Qc2+ 30. Kf1 Qxc3 31. Re1 Qf3+ 32. Kg1 Qxh5 33. Re3 f5 34. Rg3 f4 35. Rg2 Qd1+ 36. Kh2 Qh5+ 37. Kg1 f3 38. Rg3 f5 39. Rg5 Qxg5+ 40. Bxg5 fxe4 41. cxb5 axb5 42. Nxb5 Kg7 43. a4 Kg6 44. Be3 Nb6 45. Nc3 Nc4 46. Kf2 Kf5 47. Bxc5 Nb2 48. Be3 Nc4 49. d6 Nxd6 50. a5 Nc8 51. a6 h5 52. Kg3 Ke6 53. Nxe4 Kd5 54. Nf6+ Kc6 55. Nxh5 Kb5 56. a7 Nxa7 57. Bxa7 f2 58. Kxf2 e4 59. Ke3 Kc6 60. Nf4 Kd6 61. Bd4 Kc6 62. Kxe4 Kb5 63. Kd5 Kb4 64. Ng2 Kb3 65. Ne3 Kb4 66. Kc6 Ka5 67. Bc5 Ka4 68. Ba7 Kb4 69. Bd4 Ka5 70. Nc4+ Kb4 71. Nd2 Ka5 72. Bc5 Ka4 73. Bd6 Ka5 74. Ne4 Ka4 75. Kb6 Kb3 76. Kb5 Kc2 77. Kc4 Kd1 78. Kd3 Ke1 79. Ke3 Kf1 80. Bh2 Kg2 81. Be5 Kh3 82. Kf3 Kh4 83. Bg3+ Kh5 84. Kf4 Kg6 85. Bh4 Kh5 86. Bd8 Kg6 87. Nc5 Kf7 88. Kf5 Ke8 89. Bg5 Kf7 90. Bf6 Ke8 91. Ke6 Kf8 92. Ne4 Kg8 93. Ke7 Kh7 94. Kf7 Kh6 95. Ng3 Kh7 96. Bg5 Kh8 97. Bh6 Kh7 98. Bf8 Kh8 99. Nh5 Kh7 100. Nf6+ Kh8 101. Bg7# 1-0

[Event "Esbjerg Autumn 2nd"]
[Site "Esbjerg"]
[Date "2019.10.19"]
[Round "4"]
[White "Berg, Klaus"]
[Black "Hansen, Lars"]
[Result "1/2-1/2"]
[WhiteElo "2288"]
[BlackElo "2207"]
[PlyCount "65"]
[EventDate "2019.10.18"]
[EventType "swiss"]
[EventRounds "7"]
[EventCountry "DEN"]
[SourceTitle "CBM 192 Extra"]
[Source "Chessbase"]
[SourceDate "2019.11.06"]
[SourceVersion "1"]
[SourceVersionDate "2019.11.06"]
[SourceQuality "1"]

1. g3 d5 2. Nf3 Nf6 3. Bg2 c6 4. c4 dxc4 5. 0-0 Nbd7 6. Na3 Nb6 7. Qc2 Be6 8. Ng5 Qd7 9. b3 cxb3 10. axb3 Bg4 11. Nc4 Nxc4 12. Qxc4 e5 13. d4 exd4 14. Rd1 Be6 15. Nxe6 Qxe6 16. Qxe6+ fxe6 17. Rxd4 Bc5 18. Rc4 Bb6 19. Bb2 0-0 20. Bh3 Kf7 21. Rd1 Rad8 22. Rxd8 Rxd8 23. Bxf6 Kxf6 24. Rf4+ Ke7 25. Re4 Rd6 26. Bg4 Kf6 27. Kg2 e5 28. Bc8 Rd4 29. Rxd4 exd4 30. Bxb7 c5 31. f4 Ke6 32. Kf3 Ba5 33. Ke4 1/2-1/2

[Event "Esbjerg Autumn 2nd"]
[Site "Esbjerg"]
[Date "2019.10.18"]
[Round "1"]
[White "Hansen, Lars"]
[Black "Lindgaard, Tobias Simon"]
[Result "1-0"]
[WhiteElo "2207"]
[BlackElo "1789"]
[PlyCount "57"]
[EventDate "2019.10.18"]
[EventType "swiss"]
[EventRounds "7"]
[EventCountry "DEN"]
[SourceTitle "CBM 192 Extra"]
[Source "Chessbase"]
[SourceDate "2019.11.06"]
[SourceVersion "1"]
[SourceVersionDate "2019.11.06"]
[SourceQuality "1"]

1. d4 Nc6 2. Nf3 d6 3. e3 g6 4. b3 Bg7 5. Bb2 Nf6 6. Be2 0-0 7. 0-0 Bd7 8. c4 d5 9. cxd5 Nxd5 10. Nbd2 Kh8 11. Rc1 f5 12. a3 e6 13. b4 a6 14. Nb3 g5 15. Nc5 Bc8 16. Nxa6 bxa6 17. Rxc6 Qe8 18. Qc2 Bb7 19. Rc5 g4 20. Ne5 Rf6 21. Rxc7 Nxc7 22. Qxc7 Bxg2 23. Kxg2 Qh5 24. d5 exd5 25. Rc1 Qh3+ 26. Kg1 Raf8 27. Nd3 R8f7 28. Qxf7 Rxf7 29. Rc8+ 1-0

[Event "Odense-ch C"]
[Site "Odense"]
[Date "2019.10.13"]
[Round "4"]
[White "Hansen, Lars"]
[Black "Laursen, Niels Norskov"]
[Result "0-1"]
[WhiteElo "2207"]
[BlackElo "2264"]
[PlyCount "63"]
[EventDate "2019.10.11"]
[EventType "tourn"]
[EventRounds "5"]
[EventCountry "DEN"]
[SourceTitle "EXT 2021"]
[Source "ChessBase"]
[SourceDate "2020.10.23"]
[SourceVersion "1"]
[SourceVersionDate "2020.10.23"]
[SourceQuality "1"]

1. e4 d6 2. d4 Nf6 3. Nc3 g6 4. Be3 a6 5. Qd2 b5 6. f3 Nbd7 7. g4 h6 8. 0-0-0 Bb7 9. h4 Bg7 10. Nh3 Nb6 11. h5 g5 12. Nxg5 hxg5 13. Bxg5 Nfd7 14. h6 Bf8 15. Be3 e6 16. d5 e5 17. g5 Be7 18. b3 Nc5 19. Qg2 Kf8 20. g6 fxg6 21. Qxg6 Bf6 22. h7 Ke7 23. Bg5 Qf8 24. Rh6 Ncd7 25. Bh3 Qf7 26. Qf5 Raf8 27. Rg1 Bc8 28. Qe6+ Kd8 29. Bf5 Bxg5+ 30. Rxg5 Nf6 31. Qxf7 Rxf7 32. Bxc8 0-1